| 000 | 00516nam a2200181Ia 4500 | ||
|---|---|---|---|
| 003 | GCL | ||
| 008 | 140319s9999 xx 000 0 ara d | ||
| 040 |
_aGCL / _cGCL |
||
| 082 | 0 | 4 |
_a210.1 _bش ع |
| 100 | 1 | _aشوقى ضيف | |
| 245 | 1 | 0 |
_aعالمية الاسلام / _cشوقى ضيف |
| 300 | _a119 ص | ||
| 490 |
_aالهيئة العامة للاستعلامات _v0 |
||
| 650 | 0 | 4 | _aالاسلام والحضارة |
| 650 | 0 | 4 | _aالاسلام |
| 650 | 0 | 4 | _aالاسلام - فلسفة |
| 942 |
_2ddc _cBK |
||
| 999 |
_c49031 _d49031 |
||